| 000 | 00373nam a2200157 a 4500 | ||
|---|---|---|---|
| 008 | 190603s2007|||| d | ||
| 245 | 1 | 0 | _aHojnost pro začátečníky |
| 260 |
_bEugenika _c2007 _aBratislava |
||
| 020 |
_a8089227846 _c0 |
||
| 041 | _acze | ||
| 044 |
_axo _cSK |
||
| 958 | _aA | ||
| 100 | 1 | _aPeterson Ellen | |
| 250 | _a1. vydanie | ||
| 300 | _a210 s. | ||
| 999 |
_c20769 _d20769 |
||